00709nam a2200181 i 450000100060000000300090000600500170001500700030003200800410003510000380007624500950011426000500020930000220025950000770028185200310035899900170038995201210040650368ES-MaACL20230906162152.0t|030804s1952 sp ||||1| spa d1 aCuevas Cancino, Francisco.94210613aLa doctrina de Suárez sobre el Derecho Natural / cescrita por Francisco Cuevas Cancino. aMadrid : b[s.n., c1952] (fImp. Juan Bravo) a290 p. ; c23 cm. aMemoria premiada por la Real Academia de Ciencias Morales y Políticas. aES-MaACLjD-6656 bR.31902 c50368d50368 00104070aATENEOMbATENEOMcSVId2008-01-17eSCl0oD-6656p901052979r2023-02-23 00:00:00w2023-02-23yMONOGRAFIA